[Event "DEM U18w 2000"]
[Site "Überlingen GER"]
[Date "2000.06.09"]
[Round "8"]
[White "Hippe, Franziska"]
[Black "Polushkina, Svetlana"]
[Result "1-0"]
[Termination "normal"]
[Board "1"]
[WhiteElo "1672"]
[BlackElo "2092"]
[PlyCount "73"]
[BlackFideId "4667727"]
[EventCountry "GER"]
[EventRounds "9"]
[EventType "swiss"]
[EventDate "2000.06.03"]

1. e4 c6 2. d4 d5 3. exd5 cxd5 4. Bd3 Nc6 5. c3 Nf6 6. Bf4 g6 7. Qc1 Qb6 8. Nf3
Bg7 9. Nbd2 O-O 10. O-O Bd7 11. h4 Rfc8 12. a3 Ng4 13. Qb1 f6 14. Qa2 Be6 15.
h5 Bf7 16. hxg6 hxg6 17. Bg3 e5 18. dxe5 Ncxe5 19. Nxe5 Nxe5 20. Bc2 d4 21. c4
Nxc4 22. Bxg6 Qxb2 23. Bxf7+ Kxf7 24. Nxc4 Qxa2 25. Nd6+ Ke6 26. Rxa2 Rc3 27.
Nb5 Rxg3 28. fxg3 Rd8 29. Nxa7 Bh6 30. Rd1 Rd5 31. a4 Be3+ 32. Kf1 Ke5 33. Rb2
Ke4 34. Rb5 Rd7 35. Rh5 Rg7 36. Nb5 Rxg3 37. Rh4+ 1-0

[Event "DEM U18w 2000"]
[Site "Überlingen GER"]
[Date "2000.06.09"]
[Round "8"]
[White "Fliter, Irena"]
[Black "Umpfenbach, Carolin"]
[Result "1/2-1/2"]
[Termination "normal"]
[Board "2"]
[WhiteElo "2099"]
[BlackElo "2036"]
[PlyCount "63"]
[WhiteFideId "4667387"]
[BlackFideId "4655117"]
[EventCountry "GER"]
[EventRounds "9"]
[EventType "swiss"]
[EventDate "2000.06.03"]

1. e4 e6 2. d4 d5 3. exd5 exd5 4. c4 Nf6 5. Nc3 Be7 6. Bd3 O-O 7. h3 dxc4 8.
Bxc4 c6 9. Nf3 Nbd7 10. O-O Nb6 11. Bd3 Be6 12. Re1 Re8 13. Bf4 Nbd5 14. Be5
Qa5 15. a3 Nd7 16. Qc2 h6 17. Ne4 Nxe5 18. Nxe5 Nf4 19. Bc4 Bxc4 20. Qxc4 Qd5
21. Qxd5 cxd5 22. Nc3 a6 23. Kh2 Rad8 24. g3 Ne6 25. Rad1 Bf6 26. f4 Re7 27.
Re2 Rc7 28. Kg2 h5 29. Kf3 Be7 30. Re3 b5 31. Ke2 b4 32. axb4 1/2-1/2

[Event "DEM U18w 2000"]
[Site "Überlingen GER"]
[Date "2000.06.09"]
[Round "8"]
[White "Bauer, Kerstin"]
[Black "Tepluhina, Katharina"]
[Result "1/2-1/2"]
[Termination "normal"]
[Board "4"]
[WhiteElo "1770"]
[BlackElo "1935"]
[PlyCount "136"]
[EventCountry "GER"]
[EventRounds "9"]
[EventType "swiss"]
[EventDate "2000.06.03"]

1. d4 f5 2. c4 e6 3. g3 Nf6 4. Bg2 c6 5. Nd2 d5 6. Nh3 Bd6 7. Nf3 O-O 8. O-O b6
9. Qc2 Bb7 10. Bf4 Ne4 11. Rfc1 Na6 12. Bxd6 Qxd6 13. Nf4 Nb4 14. Qb3 dxc4 15.
Rxc4 Nd5 16. Nd3 Rfc8 17. Rd1 Rc7 18. Nd2 Nef6 19. Rcc1 Rac8 20. Qa4 Ba8 21.
Nc4 Qe7 22. Nce5 Nd7 23. Nxd7 Qxd7 24. b4 Qd6 25. a3 g5 26. e3 Kg7 27. Rd2 Nf6
28. Rdc2 Nd7 29. Rc3 h6 30. Qc2 a6 31. a4 e5 32. dxe5 Nxe5 33. Qb2 Kh7 34. Nxe5
Qxe5 35. Qc2 Kg7 36. f4 Qe6 37. e4 fxe4 38. Bxe4 Qd6 39. fxg5 hxg5 40. Rb3 Qd4+
41. Kh1 c5 42. Bxa8 Rxa8 43. Qf5 Qf6 44. Qxf6+ Kxf6 45. bxc5 bxc5 46. Rb6+ Ke5
47. Kg2 Kd4 48. Rd6+ Ke5 49. Rg6 Kf5 50. Rb6 Ke4 51. Kf2 Rh8 52. Kg2 c4 53.
Rxa6 c3 54. Re6+ Kd3 55. Rd6+ Kc4 56. a5 Rb8 57. Rb6 Rxb6 58. axb6 Rb7 59. Kf3
Kd3 60. Kg4 Rxb6 61. Kxg5 Kd2 62. Rxc3 Kxc3 63. h4 Kd4 64. h5 Ke5 65. h6 Rb8
66. h7 Rh8 67. Kg6 Rxh7 68. Kxh7 Kf5 1/2-1/2

[Event "DEM U18w 2000"]
[Site "Überlingen GER"]
[Date "2000.06.09"]
[Round "8"]
[White "Köster, Sabrina"]
[Black "Pielawa, Susanne"]
[Result "1-0"]
[Termination "normal"]
[Board "5"]
[WhiteElo "1545"]
[BlackElo "1471"]
[PlyCount "103"]
[EventCountry "GER"]
[EventRounds "9"]
[EventType "swiss"]
[EventDate "2000.06.03"]

1. d4 d5 2. c4 e6 3. Nc3 Nf6 4. cxd5 exd5 5. Bg5 Be7 6. e3 c6 7. Qc2 O-O 8. Bd3
h6 9. Bh4 Re8 10. Nf3 Ne4 11. Bxe7 Qxe7 12. O-O Nd7 13. Rab1 Ndf6 14. b4 a6 15.
Na4 Qc7 16. Nc5 b6 17. Nb3 Bb7 18. Rfc1 Ng4 19. Re1 Qd6 20. Nbd2 Nxd2 21. Qxd2
Rac8 22. h3 Nf6 23. Rec1 Re7 24. Qe2 a5 25. bxa5 bxa5 26. Ba6 Rcc7 27. Bxb7
Rxb7 28. Rxb7 Rxb7 29. Qa6 Rb5 30. Ne5 Qa3 31. Qxc6 Rb2 32. Qc8+ Qf8 33. Qa6
Rxa2 34. Rc8 Ne8 35. Qc6 Kh7 36. Qxe8 Qxe8 37. Rxe8 f6 38. Nd7 Kg6 39. Nb6 Ra1+
40. Kh2 Ra2 41. Kg3 a4 42. Nxd5 Kg5 43. Re7 Kg6 44. Ra7 Ra1 45. Nc3 a3 46. Nb5
a2 47. Nc3 Rc1 48. Nxa2 Ra1 49. Ra6 Kf5 50. Nb4 Rb1 51. Nc6 Rd1 52. Ne7+ 1-0

[Event "DEM U18w 2000"]
[Site "Überlingen GER"]
[Date "2000.06.09"]
[Round "8"]
[White "Kouznetsova, Elena"]
[Black "Rezai-Perdomo, Yuanné"]
[Result "1/2-1/2"]
[Termination "normal"]
[Board "6"]
[WhiteElo "2028"]
[BlackElo "1793"]
[PlyCount "60"]
[EventCountry "GER"]
[EventRounds "9"]
[EventType "swiss"]
[EventDate "2000.06.03"]

1. e4 c5 2. Nf3 d6 3. d4 cxd4 4. Nxd4 Nf6 5. Nc3 g6 6. Be3 Bg7 7. f3 O-O 8. Qd2
Nc6 9. Bc4 Bd7 10. h4 h5 11. O-O-O Rc8 12. Bb3 Nxd4 13. Bxd4 b5 14. Nd5 Nxd5
15. Bxg7 Kxg7 16. Qxd5 Rc5 17. Qd4+ Kh7 18. g4 Qc7 19. Rdg1 Be6 20. gxh5 Rxh5
21. Bxe6 fxe6 22. Rxg6 Kxg6 23. Rg1+ Kf7 24. Qg7+ Ke8 25. Qg6+ Kd7 26. Qxh5 Qb6
27. Re1 a6 28. Qg5 Rxf3 29. e5 Qf2 30. Kd1 Qd4+ 1/2-1/2

[Event "DEM U18w 2000"]
[Site "Überlingen GER"]
[Date "2000.06.09"]
[Round "8"]
[White "Lange, Corinna"]
[Black "Diehle, Julia"]
[Result "1/2-1/2"]
[Termination "normal"]
[Board "7"]
[WhiteElo "1787"]
[BlackElo "1545"]
[PlyCount "42"]
[EventCountry "GER"]
[EventRounds "9"]
[EventType "swiss"]
[EventDate "2000.06.03"]

1. e4 e5 2. Nf3 Nf6 3. Nxe5 d6 4. Nxf7 Kxf7 5. d4 g6 6. Nc3 Be6 7. Be2 Bg7 8.
O-O Re8 9. f4 Kg8 10. e5 dxe5 11. fxe5 Nd5 12. Ne4 Bf5 13. Bf3 Nc6 14. Bg5 Nce7
15. Nf6+ Nxf6 16. exf6 h6 17. Bh4 g5 18. fxg7 gxh4 19. d5 Qd6 20. c4 Red8 21.
Kh1 Qg6 1/2-1/2

[Event "DEM U18w 2000"]
[Site "Überlingen GER"]
[Date "2000.06.09"]
[Round "8"]
[White "Goerke, Marina"]
[Black "Fried, Annika"]
[Result "1-0"]
[Termination "normal"]
[Board "8"]
[WhiteElo "1502"]
[BlackElo "1552"]
[PlyCount "107"]
[EventCountry "GER"]
[EventRounds "9"]
[EventType "swiss"]
[EventDate "2000.06.03"]

1. g3 d5 2. Nf3 c6 3. Bg2 Bg4 4. O-O e6 5. d3 Bd6 6. Nbd2 f5 7. c4 Nd7 8. Rb1
a5 9. e4 Ne7 10. Qc2 O-O 11. Ng5 fxe4 12. cxd5 exd5 13. dxe4 Nf6 14. Qb3 Qc8
15. exd5 Nfxd5 16. Nc4 Bc7 17. Ne3 a4 18. Qc4 Be6 19. Nxe6 Qxe6 20. Nxd5 Nxd5
21. Rd1 Rfd8 22. Bg5 Rd6 23. Bxd5 Rxd5 24. Rxd5 Qxd5 25. Qxd5+ cxd5 26. Rd1 Ra5
27. Be3 Be5 28. Bd4 Bxd4 29. Rxd4 Rb5 30. Rd2 Rc5 31. Kf1 Kf7 32. Ke2 Ke6 33.
Kd3 Rc1 34. Rc2 Rxc2 35. Kxc2 g5 36. Kd3 Ke5 37. f3 b6 38. b3 axb3 39. axb3 b5
40. Ke3 h6 41. Kd3 h5 42. Ke3 h4 43. Kd3 hxg3 44. hxg3 d4 45. b4 Kd5 46. f4 g4
47. f5 Ke5 48. f6 Kxf6 49. Kxd4 Kg5 50. Ke5 Kh5 51. Kf5 Kh6 52. Kxg4 Kg6 53.
Kf4 Kf6 54. Ke4 1-0

[Event "DEM U18w 2000"]
[Site "Überlingen GER"]
[Date "2000.06.09"]
[Round "8"]
[White "Kind, Veronika"]
[Black "Piochacz, Petra"]
[Result "0-1"]
[Termination "normal"]
[Board "9"]
[WhiteElo "1622"]
[BlackElo "1589"]
[PlyCount "68"]
[EventCountry "GER"]
[EventRounds "9"]
[EventType "swiss"]
[EventDate "2000.06.03"]

1. e4 e6 2. d4 d5 3. Nd2 Nf6 4. e5 Nfd7 5. Bd3 c5 6. c3 Nc6 7. Ne2 f6 8. exf6
Nxf6 9. Nf3 cxd4 10. cxd4 Bd6 11. O-O Qc7 12. Bg5 O-O 13. Rc1 Bd7 14. Qc2 h6
15. Bh4 Nh5 16. a3 Rac8 17. Bg6 Nf4 18. Nxf4 Bxf4 19. Bg3 Qd6 20. Bxf4 Qxf4 21.
Qd1 Nxd4 22. Nxd4 Rxc1 23. Qxc1 Qxd4 24. Qc7 Bb5 25. Qe7 Bxf1 26. Bh7+ Kxh7 27.
Qxf8 Bc4 28. h3 Qxb2 29. Qf7 d4 30. Qf4 Qb1+ 31. Kh2 d3 32. Qe4+ Kg8 33. Qh4
Qc2 34. Qe4 Bd5 0-1

[Event "DEM U18w 2000"]
[Site "Überlingen GER"]
[Date "2000.06.09"]
[Round "8"]
[White "Beilschmidt, Eva"]
[Black "Gimmerthal, Ina"]
[Result "1-0"]
[Termination "normal"]
[Board "10"]
[WhiteElo "1178"]
[BlackElo "1369"]
[PlyCount "157"]
[EventCountry "GER"]
[EventRounds "9"]
[EventType "swiss"]
[EventDate "2000.06.03"]

1. e4 d5 2. exd5 Qxd5 3. Nc3 Qa5 4. d4 Nf6 5. Bc4 Bf5 6. Bd2 c6 7. Nf3 e6 8. h3
h6 9. O-O Bb4 10. a3 Bxc3 11. Bxc3 Qc7 12. Re1 O-O 13. Bd2 Nbd7 14. Qc1 Nb6 15.
Bf4 Qd7 16. Bb3 Nbd5 17. Be5 Qd8 18. c4 Nb6 19. Qe3 Rc8 20. Rac1 Nbd7 21. Bd6
Re8 22. Bd1 Ne4 23. Bf4 c5 24. dxc5 Nexc5 25. Be2 b6 26. Red1 f6 27. Nh4 g5 28.
Qg3 Ne4 29. Qf3 gxf4 30. Qxf4 Ng5 31. Bh5 Re7 32. Nxf5 exf5 33. Qxf5 Rg7 34.
Rd6 Qe7 35. Rcd1 Rc7 36. Bg4 Nf8 37. Qd5+ Kh8 38. Rd8 Nf7 39. Rb8 Rg8 40. Qa8
Kg7 41. Kf1 Rh8 42. Re1 Qc5 43. b3 Ng6 44. Rxh8 Nfxh8 45. Re8 Nf8 46. Qb8 Qd6
47. Rd8 Qc5 48. Bh5 Nf7 49. Re8 Rd7 50. Bg4 Rd2 51. Qg3 Qg5 52. h4 Qg6 53. Re3
h5 54. Bxh5 Qxg3 55. Rxg3+ Kh6 56. Bxf7 Rd1+ 57. Ke2 Rh1 58. Rg8 Nd7 59. g3 Rb1
60. b4 Ra1 61. Be8 Ra2+ 62. Kf1 Ra1+ 63. Kg2 Ne5 64. f4 Nxc4 65. Rg6+ Kh7 66.
h5 Rxa3 67. h6 Ne3+ 68. Kh3 Nf5 69. Bf7 Nxh6 70. Kh4 Nxf7 71. Rxf6 Kg7 72. Rc6
Ra4 73. Rc7 Rxb4 74. Rxa7 b5 75. Rb7 Rb1 76. g4 b4 77. g5 Kg6 78. Kg4 Nd8 79.
f5# 1-0

[Event "DEM U18w 2000"]
[Site "Überlingen GER"]
[Date "2000.06.09"]
[Round "8"]
[White "Böck, Katharina"]
[Black "Schulz, Susanne"]
[Result "1/2-1/2"]
[Termination "normal"]
[Board "11"]
[WhiteElo "1256"]
[BlackElo "1730"]
[PlyCount "77"]
[EventCountry "GER"]
[EventRounds "9"]
[EventType "swiss"]
[EventDate "2000.06.03"]

1. d4 d5 2. Nf3 Nf6 3. e3 e6 4. Bd3 Bd6 5. Nbd2 Nbd7 6. O-O O-O 7. Re1 b6 8. e4
dxe4 9. Nxe4 Nxe4 10. Bxe4 Rb8 11. c3 Nf6 12. Bg5 h6 13. Bxf6 Qxf6 14. Qc2 c5
15. Rad1 Bb7 16. d5 Rfe8 17. dxe6 Rxe6 18. Bxb7 Rxb7 19. Rxe6 Qxe6 20. Re1 Qxa2
21. Re8+ Bf8 22. g3 Qd5 23. Nh4 Rd7 24. Re1 Qd2 25. Qxd2 Rxd2 26. Rb1 c4 27.
Nf3 Rd5 28. Ra1 a5 29. Kg2 Bc5 30. Kf1 g5 31. g4 h5 32. h3 hxg4 33. hxg4 f5 34.
Nxg5 fxg4 35. Ne4 Re5 36. Nf6+ Kf7 37. Nxg4 Rh5 38. Kg2 Rd5 39. Kf1 1/2-1/2

[Event "DEM U18w 2000"]
[Site "Überlingen GER"]
[Date "2000.06.09"]
[Round "8"]
[White "Mädel, Katja"]
[Black "Wenke, Andrea"]
[Result "1-0"]
[Termination "normal"]
[Board "12"]
[WhiteElo "1515"]
[BlackElo "992"]
[PlyCount "55"]
[BlackFideId "24677736"]
[EventCountry "GER"]
[EventRounds "9"]
[EventType "swiss"]
[EventDate "2000.06.03"]

1. e4 d6 2. d4 Nf6 3. Nc3 g6 4. f3 Bg7 5. Be3 O-O 6. Qd2 e5 7. d5 c6 8. O-O-O
cxd5 9. Nxd5 Ne8 10. Bc4 Nc6 11. h4 Qa5 12. Nc3 Be6 13. Bxe6 fxe6 14. Bh6 Rd8
15. h5 Ne7 16. Bxg7 Nxg7 17. hxg6 hxg6 18. Nh3 d5 19. Qh6 Kf7 20. Ng5+ Kf6 21.
Nh7+ Kf7 22. Nxf8 Rxf8 23. Qg5 d4 24. Nb1 Qxa2 25. Qxe5 Qa4 26. Rh7 Rg8 27.
Qf4+ Ke8 28. Qf6 1-0

[Event "DEM U18w 2000"]
[Site "Überlingen GER"]
[Date "2000.06.10"]
[Round "9"]
[White "Umpfenbach, Carolin"]
[Black "Tepluhina, Katharina"]
[Result "1-0"]
[Termination "normal"]
[Board "1"]
[WhiteElo "2036"]
[BlackElo "1935"]
[PlyCount "131"]
[WhiteFideId "4655117"]
[EventCountry "GER"]
[EventRounds "9"]
[EventType "swiss"]
[EventDate "2000.06.03"]

1. d4 d5 2. c4 e6 3. Nf3 Nf6 4. Nc3 Nbd7 5. Bg5 Be7 6. e3 a6 7. Rc1 dxc4 8.
Bxc4 b5 9. Be2 Bb7 10. O-O O-O 11. Qc2 h6 12. Bh4 Rc8 13. Rfd1 c5 14. dxc5 Rxc5
15. Qb1 Qb6 16. b4 Rc7 17. Bg3 Rcc8 18. Nd4 Qa7 19. Qb3 Rfd8 20. a4 bxa4 21.
Qxa4 Qb6 22. b5 Nc5 23. Qa2 a5 24. Nb3 Rxd1+ 25. Nxd1 Nxb3 26. Rxc8+ Bxc8 27.
Qxb3 Bb7 28. Nc3 Bb4 29. h3 Qc5 30. Na4 Qc1+ 31. Qd1 Qxd1+ 32. Bxd1 Kf8 33. Nb2
Bd5 34. Nd3 Bc3 35. Bd6+ Kg8 36. b6 Bc6 37. Ne5 Bxe5 38. Bxe5 Nd7 39. Bc7 Nc5
40. Bd6 Nb7 41. Ba3 f6 42. Bh5 Kh7 43. g3 g6 44. Be2 Kg7 45. Kf1 Kf7 46. Ke1
Ke8 47. Kd2 Kd7 48. Bd3 f5 49. Kc3 Ba4 50. Bc4 Kc6 51. Bxe6 Nd8 52. b7 Kxb7 53.
Bd5+ Bc6 54. Kc4 Kc7 55. Bf8 Bxd5+ 56. Kxd5 h5 57. Ke5 Nb7 58. Kf6 Nd6 59. Kxg6
a4 60. Kxh5 a3 61. Bg7 Kd7 62. Kg6 a2 63. h4 Ke6 64. h5 Nf7 65. Ba1 Ne5+ 66.
Kg7 1-0

[Event "DEM U18w 2000"]
[Site "Überlingen GER"]
[Date "2000.06.10"]
[Round "9"]
[White "Hippe, Franziska"]
[Black "Klawonn, Malin"]
[Result "0-1"]
[Termination "normal"]
[Board "2"]
[WhiteElo "1672"]
[BlackElo "1922"]
[PlyCount "60"]
[EventCountry "GER"]
[EventRounds "9"]
[EventType "swiss"]
[EventDate "2000.06.03"]

1. Nf3 c5 2. g3 Nc6 3. d3 g6 4. e4 Bg7 5. Bg2 e6 6. Nc3 Nge7 7. Be3 d6 8. Qd2
h5 9. h4 Rb8 10. a4 a6 11. O-O b5 12. axb5 axb5 13. Nd1 Qb6 14. c3 d5 15. exd5
Nxd5 16. d4 Nxe3 17. fxe3 O-O 18. Nf2 b4 19. Ne4 cxd4 20. exd4 e5 21. Rad1 Bg4
22. Kh2 exd4 23. c4 Ne7 24. Rc1 Nf5 25. b3 Rfe8 26. Nf2 Qc7 27. Qf4 Qxf4 28.
gxf4 Bxf3 29. Bxf3 Re3 30. Bd1 d3 0-1

[Event "DEM U18w 2000"]
[Site "Überlingen GER"]
[Date "2000.06.10"]
[Round "9"]
[White "Polushkina, Svetlana"]
[Black "Köster, Sabrina"]
[Result "1-0"]
[Termination "normal"]
[Board "3"]
[WhiteElo "2092"]
[BlackElo "1545"]
[PlyCount "71"]
[WhiteFideId "4667727"]
[EventCountry "GER"]
[EventRounds "9"]
[EventType "swiss"]
[EventDate "2000.06.03"]

1. d4 Nf6 2. c4 e5 3. dxe5 Ng4 4. e4 Nxe5 5. Nf3 Nbc6 6. Nxe5 Nxe5 7. f4 Ng6 8.
Be3 Bb4+ 9. Nd2 Qf6 10. a3 Bxd2+ 11. Qxd2 b6 12. O-O-O Qc6 13. Qd4 f6 14. Be2
Bb7 15. Bf3 Nh4 16. Bh5+ g6 17. Bg4 O-O-O 18. g3 Ng2 19. Bf2 Qxe4 20. Qxe4 Bxe4
21. Rhg1 Rhe8 22. Bh3 Bf3 23. Rd3 Be2 24. Rc3 Nxf4 25. gxf4 Re4 26. Re1 Rde8
27. Kd2 Kd8 28. Bg2 R4e6 29. Bd5 Rd6 30. Rxe2 c6 31. Rxe8+ Kxe8 32. Re3+ Kf8
33. Bg3 cxd5 34. f5 Rc6 35. cxd5 Rc4 36. Kd3 1-0

[Event "DEM U18w 2000"]
[Site "Überlingen GER"]
[Date "2000.06.10"]
[Round "9"]
[White "Rezai-Perdomo, Yuanné"]
[Black "Diehle, Julia"]
[Result "1/2-1/2"]
[Termination "normal"]
[Board "6"]
[WhiteElo "1793"]
[BlackElo "1545"]
[PlyCount "32"]
[EventCountry "GER"]
[EventRounds "9"]
[EventType "swiss"]
[EventDate "2000.06.03"]

1. e4 e5 2. Bc4 Nf6 3. d4 exd4 4. Nf3 d5 5. exd5 Bb4+ 6. c3 Qe7+ 7. Be2 dxc3 8.
bxc3 Bd6 9. O-O O-O 10. Bb2 Bg4 11. c4 Nbd7 12. Nbd2 Rfe8 13. Re1 Qd8 14. Nd4
Bxe2 15. Rxe2 Nc5 16. N2f3 Qd7 1/2-1/2

[Event "DEM U18w 2000"]
[Site "Überlingen GER"]
[Date "2000.06.10"]
[Round "9"]
[White "Piochacz, Petra"]
[Black "Lange, Corinna"]
[Result "1/2-1/2"]
[Termination "normal"]
[Board "7"]
[WhiteElo "1589"]
[BlackElo "1787"]
[PlyCount "32"]
[EventCountry "GER"]
[EventRounds "9"]
[EventType "swiss"]
[EventDate "2000.06.03"]

1. e4 e6 2. d4 d5 3. Nc3 Bb4 4. exd5 exd5 5. Bd3 Nf6 6. h3 O-O 7. Nf3 Re8+ 8.
Be3 b6 9. O-O Ba6 10. Bf4 Bxd3 11. Qxd3 Ne4 12. Rfe1 Bxc3 13. bxc3 Nd7 14. c4
Ndf6 15. cxd5 Qxd5 16. c4 Qb7 1/2-1/2

[Event "DEM U18w 2000"]
[Site "Überlingen GER"]
[Date "2000.06.10"]
[Round "9"]
[White "Schulz, Susanne"]
[Black "Kouznetsova, Elena"]
[Result "1/2-1/2"]
[Termination "normal"]
[Board "8"]
[WhiteElo "1730"]
[BlackElo "2028"]
[PlyCount "57"]
[EventCountry "GER"]
[EventRounds "9"]
[EventType "swiss"]
[EventDate "2000.06.03"]

1. d4 d5 2. Nf3 Nf6 3. Bf4 c6 4. e3 Bg4 5. Nbd2 e6 6. h3 Bh5 7. g4 Bg6 8. Ne5
Nbd7 9. h4 h6 10. Nxg6 fxg6 11. Bd3 Kf7 12. c4 Be7 13. Qc2 Nf8 14. Nf3 Nxg4 15.
Rg1 h5 16. Ng5+ Bxg5 17. Bxg5 Qa5+ 18. Ke2 Nh6 19. Bxh6 Rxh6 20. Rg5 Qd8 21.
Rag1 Qf6 22. R1g3 Kg8 23. Bxg6 Nxg6 24. Rxg6 Rxg6 25. Qxg6 Qxg6 26. Rxg6 Kf7
27. Rg5 g6 28. cxd5 cxd5 29. Rg1 1/2-1/2

[Event "DEM U18w 2000"]
[Site "Überlingen GER"]
[Date "2000.06.10"]
[Round "9"]
[White "Böck, Katharina"]
[Black "Mädel, Katja"]
[Result "1/2-1/2"]
[Termination "normal"]
[Board "9"]
[WhiteElo "1256"]
[BlackElo "1515"]
[PlyCount "51"]
[EventCountry "GER"]
[EventRounds "9"]
[EventType "swiss"]
[EventDate "2000.06.03"]

1. d4 d5 2. Nf3 Nf6 3. e3 e6 4. Bd3 c5 5. c3 Nc6 6. Nbd2 Bd6 7. b3 O-O 8. O-O
Bd7 9. Bb2 Rc8 10. Rc1 Na5 11. dxc5 Bb8 12. b4 Nc6 13. e4 a5 14. a3 Ne5 15.
Nxe5 Bxe5 16. Re1 axb4 17. axb4 Bf4 18. Ra1 Bxd2 19. Qxd2 Bc6 20. e5 Ne8 21.
Qf4 Nc7 22. Re3 Ra8 23. Ree1 Qd7 24. Rxa8 Rxa8 25. Ra1 Bb5 26. Rxa8+ 1/2-1/2

[Event "DEM U18w 2000"]
[Site "Überlingen GER"]
[Date "2000.06.10"]
[Round "9"]
[White "Pielawa, Susanne"]
[Black "Wenke, Andrea"]
[Result "1/2-1/2"]
[Termination "normal"]
[Board "10"]
[WhiteElo "1471"]
[BlackElo "992"]
[PlyCount "159"]
[BlackFideId "24677736"]
[EventCountry "GER"]
[EventRounds "9"]
[EventType "swiss"]
[EventDate "2000.06.03"]

1. e4 e5 2. Nf3 Nc6 3. d4 exd4 4. Nxd4 Nf6 5. Nc3 Bb4 6. Bg5 Bxc3+ 7. bxc3 O-O
8. Bd3 d6 9. O-O Bd7 10. Qf3 Ne5 11. Qe2 Re8 12. Rfe1 Qe7 13. Rab1 b6 14. Nb5
Bxb5 15. Bxb5 c6 16. Ba4 h6 17. Bh4 b5 18. Bb3 Ng6 19. Bxf6 Qxf6 20. c4 a6 21.
cxb5 axb5 22. c4 bxc4 23. Qxc4 c5 24. f3 Re7 25. Red1 Rd8 26. Rd2 Ne5 27. Qa6
Qg6 28. Qe2 Red7 29. Rbd1 Kh8 30. Ba4 Ra7 31. Bb3 Rad7 32. Bd5 f5 33. exf5 Qxf5
34. Be4 Qf6 35. Qa6 Qe6 36. Rd5 g6 37. a4 Nf7 38. R5d2 Kg7 39. Kh1 Qe7 40. a5
Ra7 41. Qb6 Qc7 42. Qxc7 Rxc7 43. a6 Ra7 44. Bb7 Rd7 45. Rb1 Kf6 46. Re2 Nd8
47. Reb2 d5 48. Rb6+ Kg7 49. g3 d4 50. Be4 d3 51. Rxg6+ Kf7 52. Rxh6 d2 53.
Rh7+ Ke8 54. Rxd7 Rxd7 55. Rd1 c4 56. a7 Rxa7 57. Rxd2 Ra1+ 58. Kg2 Rc1 59. Rc2
Rxc2+ 60. Bxc2 c3 61. f4 Ke7 62. Kf3 Kf6 63. Ke4 Ne6 64. Kd3 Kf5 65. Ke3+ Kg4
66. f5 Nf8 67. Kf2 Kh3 68. Kg1 Nd7 69. Bd1 Nf6 70. Ba4 Ng4 71. Bc2 Nf6 72. Kf2
Ng4+ 73. Kf3 Nxh2+ 74. Kf4 Ng4 75. Be4 Nf6 76. Bd3 Ng4 77. Bc2 Nf6 78. Bd1 Nh5+
79. Kg5 Nxg3 80. f6 1/2-1/2

[Event "DEM U18w 2000"]
[Site "Überlingen GER"]
[Date "2000.06.10"]
[Round "9"]
[White "Gimmerthal, Ina"]
[Black "Kind, Veronika"]
[Result "0-1"]
[Termination "normal"]
[Board "11"]
[WhiteElo "1369"]
[BlackElo "1622"]
[PlyCount "102"]
[EventCountry "GER"]
[EventRounds "9"]
[EventType "swiss"]
[EventDate "2000.06.03"]

1. c4 Nf6 2. d4 g6 3. Nc3 d5 4. Bg5 Ne4 5. Nxe4 dxe4 6. e3 Bg7 7. Ne2 O-O 8.
Nc3 c5 9. d5 Qa5 10. Qd2 e6 11. Nxe4 Qxd2+ 12. Kxd2 exd5 13. cxd5 b6 14. Rb1
Bf5 15. f3 Nd7 16. Bd3 Ne5 17. Nf2 Bxd3 18. Nxd3 Nc4+ 19. Ke2 Rfe8 20. e4 f5
21. Nf2 h6 22. Bc1 Nd6 23. Kd3 Rad8 24. b3 fxe4+ 25. fxe4 Nxe4 26. Nxe4 Rxd5+
27. Ke3 Rd4 28. Kf3 Rdxe4 29. Rd1 R4e7 30. Rd2 Rf7+ 31. Kg3 Re3+ 32. Kg4 Re4+
33. Kh3 Bd4 34. g3 Re1 35. b4 Kh7 36. bxc5 Bxc5 37. Rc2 Rg1 38. Rcb2 Rf5 39.
Bf4 Rh5+ 40. Kg4 Rxb1 41. Rxb1 Rxh2 42. Rd1 h5+ 43. Kf3 Rf2+ 44. Ke4 Re2+ 45.
Kf3 Rxa2 46. Rd7+ Kg8 47. Rd8+ Kf7 48. Rd7+ Ke6 49. Rc7 Kf6 50. Rc6+ Kf5 51.
Rc7 g5 0-1

[Event "DEM U18w 2000"]
[Site "Überlingen GER"]
[Date "2000.06.10"]
[Round "9"]
[White "Fried, Annika"]
[Black "Beilschmidt, Eva"]
[Result "1/2-1/2"]
[Termination "normal"]
[Board "12"]
[WhiteElo "1552"]
[BlackElo "1178"]
[PlyCount "54"]
[EventCountry "GER"]
[EventRounds "9"]
[EventType "swiss"]
[EventDate "2000.06.03"]

1. e4 c5 2. Nc3 Nc6 3. g3 g6 4. Bg2 Bg7 5. d3 e6 6. Be3 Nge7 7. Qd2 Nd4 8. Rc1
d6 9. Bh6 O-O 10. h4 Re8 11. h5 Nec6 12. hxg6 hxg6 13. Bxg7 Kxg7 14. Qh6+ Kf6
15. Qf4+ Ke7 16. Rh7 Rf8 17. Nh3 e5 18. Nd5+ Ke8 19. Nf6+ Ke7 20. Ng8+ Ke8 21.
Nf6+ Ke7 22. Nd5+ Ke8 23. Qh6 Bg4 24. Rh8 Ne6 25. Rxf8+ Nxf8 26. Qh8 Be6 27. f4
Qa5+ 1/2-1/2

[Event "DEM U12/U12w 2000"]
[Site "Überlingen GER"]
[Date "2000.06.04"]
[Round "1"]
[White "Lutz, Dieter"]
[Black "Becker, Erik"]
[Result "1-0"]
[Termination "normal"]
[Board "1"]
[WhiteElo "2185"]
[BlackElo "1068"]
[PlyCount "51"]
[WhiteFideId "4667565"]
[BlackFideId "4696921"]
[EventCountry "GER"]
[EventRounds "11"]
[EventType "swiss"]
[EventDate "2000.06.03"]

1. e4 e5 2. Nf3 Nc6 3. Bb5 a6 4. Ba4 d6 5. O-O Bg4 6. c3 b5 7. Bc2 Qf6 8. d3
Bxf3 9. Qxf3 Qxf3 10. gxf3 Be7 11. f4 Nf6 12. fxe5 Nxe5 13. d4 Ng6 14. f4 Nd7
15. Nd2 O-O-O 16. a4 Nb6 17. axb5 axb5 18. d5 Bf6 19. Bd3 Kb8 20. Bxb5 Rhf8 21.
Nc4 Nxc4 22. Bxc4 Rfe8 23. e5 dxe5 24. Bb5 Rf8 25. Bc6 Kc8 26. Ra8# 1-0

[Event "DEM U12/U12w 2000"]
[Site "Überlingen GER"]
[Date "2000.06.04"]
[Round "1"]
[White "Kesten, Sebastian"]
[Black "Braun, Arik"]
[Result "0-1"]
[Termination "normal"]
[Board "2"]
[WhiteElo "1047"]
[BlackElo "2139"]
[PlyCount "58"]
[WhiteFideId "24616214"]
[BlackFideId "4663527"]
[EventCountry "GER"]
[EventRounds "11"]
[EventType "swiss"]
[EventDate "2000.06.03"]

1. d4 Nf6 2. c4 c5 3. d5 b5 4. cxb5 a6 5. bxa6 g6 6. Nc3 Bxa6 7. Nf3 d6 8. e4
Bxf1 9. Kxf1 Bg7 10. Qe2 O-O 11. g3 Nbd7 12. Kg2 Ra7 13. Rd1 Qa8 14. a3 Rb8 15.
Rb1 Ng4 16. Bd2 Nb6 17. h3 Ne5 18. b4 Nxf3 19. Qxf3 Rxa3 20. bxc5 dxc5 21. Rdc1
Na4 22. Rxb8+ Qxb8 23. Qe3 Bd4 24. Qe1 Qb3 25. Nxa4 Qf3+ 26. Kg1 Qxg3+ 27. Kf1
Qxh3+ 28. Ke2 Qg4+ 29. Kf1 Rh3 0-1

[Event "DEM U12/U12w 2000"]
[Site "Überlingen GER"]
[Date "2000.06.04"]
[Round "1"]
[White "Figura, Atila"]
[Black "Aghadjanian, Aida"]
[Result "1-0"]
[Termination "normal"]
[Board "3"]
[WhiteElo "1789"]
[BlackElo "1039"]
[PlyCount "45"]
[WhiteFideId "4688058"]
[EventCountry "GER"]
[EventRounds "11"]
[EventType "swiss"]
[EventDate "2000.06.03"]

1. d4 Nf6 2. Nf3 d5 3. Bg5 Ne4 4. Bf4 Bf5 5. Nbd2 Nc6 6. e3 Nb4 7. Nxe4 Bxe4 8.
Bd3 e6 9. a3 Nc6 10. Bxe4 dxe4 11. Nd2 f5 12. c4 Ne7 13. Qb3 b6 14. Qc3 a6 15.
f3 exf3 16. Nxf3 Ng8 17. Ne5 Nf6 18. Qc2 Qc8 19. Qa4+ Nd7 20. Qc6 Rb8 21. Qxe6+
Be7 22. Qf7+ Kd8 23. Nc6# 1-0